000 00363cam a22001217a 4500
008 180718b1967 xxu||||| |||| 00| 0 eng d
082 _aB131x5412 C392 / H
100 _aChatterjee,Amiya Bhusan
245 _aHowrah : A Study in social geography
_cBy Amiya Bhusan Chatterjee
260 _aCalcutta
_bU Chatterjee
_c1967
300 _a191p.
650 _aHowrah (India)
999 _c413214
_d413214